| 000 | 01147nam a2200349 c 4500 | ||
|---|---|---|---|
| 003 | BLK | ||
| 005 | 20191005160218.0 | ||
| 008 | 180410b bul|||||r ||||||| ||bul|| | ||
| 010 | _aKNG00173009000 | ||
| 020 |
_a978-619-7077-18-6 _bиздат.: Human Resource Development Centre |
||
| 040 | _aBLK | ||
| 041 |
_aENG _cENG |
||
| 072 | 7 |
_2bullib _aН92 _xИстория Н |
|
| 080 |
_aКраезнание _b908 _x(497.2)(036) _z908(497.2)(036) |
||
| 700 | 1 |
_aMircheva, Elena _econtributors _9333942 |
|
| 139 |
_aBulgaria Discovered _bB 93 |
||
| 245 | 1 | 0 |
_aBulgaria Discovered _bGuide _ccontributors Elena Mircheva. |
| 257 | _aBGR | ||
| 260 |
_аSofia _bHuman Resource Development Centre _c2013 |
||
| 300 |
_a80 p. _bcol. ill., portr. _c17 cm |
||
| 380 | _a9 | ||
| 650 | 4 |
_aБългария - пътеводители _9272126 |
|
| 651 | 4 |
_aБългария _9241624 |
|
| 653 | _aБългария | ||
| 653 | _aпътеводители | ||
| 659 | _aН | ||
| 852 | _aЦб І 35792 | ||
| 856 | 4 |
_qpdf _u |
|
| 856 | 4 |
_qpdf _u |
|
| 942 |
_cKNG _n0 _02 |
||
| 944 |
_aCR _c16.03.2015 _lф / _kВиолета_Тройчева |
||
| 944 |
_aED _c06.08.2015 _lф / _kЛюдмила_Стоянова |
||
| 999 |
_c165399 _d165399 |
||